000
00285nam a2200121 a 4500
008
111026s1991|||| d
100
1
_a
Trebenová, Maria
245
1
0
_a
Zdravie z Božej lekárne
260
_b
Ikar
_a
Bratislava
_c
1991
020
_c
33
041
_a
slo
044
_a
xo
_c
SK
999
_c
19848
_d
19848